Paesi più Vicini all'Egitto - Statistics

Statistiche generali
  • Questo quiz è stato fatto 5.924 volte
  • Il punteggio medio è 15 su 20
Statistiche sulle risposte
Km Paese Miglia % Corretto
0 Libia 0
97%
0 Israele | Palestina 0
93%
15 Arabia Saudita 9
91%
0 Sudan 0
91%
504 Turchia 314
87%
364 Grecia 226
85%
352 Cipro 219
84%
7 Giordania 4
83%
202 Siria 126
83%
214 Libano 133
82%
469 Iraq 291
77%
1071 Italia 665
77%
478 Eritrea 297
76%
835 Yemen 519
73%
799 Etiopia 496
72%
293 Ciad 182
71%
993 Albania 617
58%
1072 Macedonia del Nord 666
57%
1065 Bulgaria 662
49%
952 Niger 591
47%
Nessun quiz corrispondente trovato
Distribuzione punteggi
Percentuale di utenti per punteggio
Percentile per numero di risposta
I tuoi punteggi nel tempo
Non hai fatto questo quiz